| 000 | 00631nam a2200169 a 4500 | ||
|---|---|---|---|
| 005 | 20140414132111.0 | ||
| 008 | 110513s19uu xx 00 eng d | ||
| 020 | _a9780439783514 | ||
| 050 |
_aTR 513.2 _bT15 2007 |
||
| 100 | _aTang, Greg. | ||
| 245 |
_aMath fables too : making science count / _cby Greg Tang ; illustrated by Taia Morley. |
||
| 260 |
_aNew York : _bScholastic Press, _c2007. |
||
| 520 | _aMore rhymes about animals that introduce counting and grouping numbers, as well as examples of such behaviors as cooperation, friendship, and appreciation. | ||
| 650 | _aCounting. | ||
| 650 | _aScience. | ||
| 999 |
_c114764 _d114764 |
||